[Event "Deutsche Ländermeisterschaft 2016"]
[Site "Hannover GER"]
[Date "2016.10.03"]
[Round "4"]
[White "Krause, Benedict"]
[Black "Ott, Florian"]
[Result "1-0"]
[Termination "normal"]
[Board "1.1"]
[WhiteTitle "FM"]
[BlackTitle "FM"]
[WhiteElo "2389"]
[BlackElo "2299"]
[WhiteClock "00:35:04"]
[BlackClock "00:17:08"]
[WhiteTeam "Schleswig-Holstein"]
[BlackTeam "Bayern"]
[PlyCount "55"]
[WhiteFideId "12917990"]
[BlackFideId "12900281"]
[EventCountry "GER"]
[EventRounds "7"]
[EventType "team-swiss"]
[EventDate "2016.09.30"]

1. e4 c5 2. Nf3 d6 3. c3 Nf6 4. h3 Bd7 5. Bd3 g6 6. Bc2 Nc6 7. d4 cxd4 8. cxd4
Nb4 9. Nc3 Nxc2+ 10. Qxc2 Rc8 11. Qe2 Bc6 12. d5 Bd7 13. O-O Bg7 14. Be3 a6 15.
Bd4 O-O 16. Qe3 e5 17. dxe6 Bxe6 18. Rad1 Qe7 19. Rd2 b5 20. a3 Rfe8 21. Re1
Bc4 22. Qf4 Rc6 23. Nd5 Bxd5 24. exd5 Qxe1+ 25. Nxe1 Nh5 26. Qf3 Rxe1+ 27. Kh2
Rcc1 28. g4 1-0

[Event "Deutsche Ländermeisterschaft 2016"]
[Site "Hannover GER"]
[Date "2016.10.03"]
[Round "4"]
[White "Kololli, Martin"]
[Black "Oberhofer, Cédric"]
[Result "0-1"]
[Termination "normal"]
[Board "1.3"]
[WhiteElo "2202"]
[BlackElo "2208"]
[WhiteClock "00:03:37"]
[BlackClock "00:10:52"]
[WhiteTeam "Schleswig-Holstein"]
[BlackTeam "Bayern"]
[PlyCount "60"]
[WhiteFideId "12936910"]
[BlackFideId "12941220"]
[EventCountry "GER"]
[EventRounds "7"]
[EventType "team-swiss"]
[EventDate "2016.09.30"]

1. e4 c5 2. Nf3 d6 3. c3 Nf6 4. Be2 Nbd7 5. d3 b6 6. Ng5 e6 7. f4 h6 8. Nf3 c4
9. d4 Nxe4 10. d5 e5 11. Bxc4 Be7 12. O-O O-O 13. Qe2 Nef6 14. Be3 Re8 15. Nbd2
Bb7 16. fxe5 dxe5 17. Rad1 Qc7 18. Nb3 Nc5 19. Kh1 Rad8 20. Bb5 Rf8 21. Nxc5
Bxc5 22. Bxc5 Qxc5 23. Nxe5 Rxd5 24. Rxd5 Bxd5 25. Rxf6 gxf6 26. Nd7 Qd6 27.
Qg4+ Kh8 28. Qh5 Qf4 29. h4 Bxg2+ 30. Kg1 Rg8 0-1

[Event "Deutsche Ländermeisterschaft 2016"]
[Site "Hannover GER"]
[Date "2016.10.03"]
[Round "4"]
[White "Kopylov, Daniel"]
[Black "Tong, Kevin"]
[Result "1/2-1/2"]
[Termination "normal"]
[Board "1.5"]
[WhiteElo "2028"]
[BlackElo "2049"]
[WhiteClock "00:04:21"]
[BlackClock "00:04:08"]
[WhiteTeam "Schleswig-Holstein"]
[BlackTeam "Bayern"]
[PlyCount "86"]
[WhiteFideId "12921971"]
[BlackFideId "12913944"]
[EventCountry "GER"]
[EventRounds "7"]
[EventType "team-swiss"]
[EventDate "2016.09.30"]

1. e4 e5 2. Nf3 Nc6 3. Nc3 Nf6 4. g3 Be7 5. Bg2 O-O 6. O-O Re8 7. Re1 d6 8. d3
Be6 9. h3 h6 10. g4 Nd7 11. Ne2 Kh7 12. Ng3 g6 13. Nh2 Bf6 14. Nhf1 Bg7 15. Ne3
Nb6 16. c4 Nc8 17. Nd5 N8e7 18. Rf1 Nd4 19. Be3 Nec6 20. Ne2 Nxe2+ 21. Qxe2 Rb8
22. Rac1 b6 23. Qd2 a5 24. f4 exf4 25. Nxf4 Qe7 26. d4 Nd8 27. a4 Nb7 28. b3
Rf8 29. Rf2 c5 30. d5 Bd7 31. Nd3 Rbe8 32. Re1 Bc8 33. Rfe2 Nd8 34. Bf4 f6 35.
Qe3 Nf7 36. Qd2 Ne5 37. Nxe5 fxe5 38. Be3 g5 39. Rf2 Rxf2 40. Qxf2 Rf8 41. Qe2
Kg6 42. Rf1 Rxf1+ 43. Qxf1 Qf6 1/2-1/2

[Event "Deutsche Ländermeisterschaft 2016"]
[Site "Hannover GER"]
[Date "2016.10.03"]
[Round "4"]
[White "Rosmait, Emily"]
[Black "Braun, Kristin"]
[Result "0-1"]
[Termination "normal"]
[Board "1.7"]
[WhiteElo "1940"]
[BlackElo "1853"]
[WhiteClock "00:23:25"]
[BlackClock "00:32:46"]
[WhiteTeam "Schleswig-Holstein"]
[BlackTeam "Bayern"]
[PlyCount "91"]
[WhiteFideId "12937754"]
[BlackFideId "24656534"]
[EventCountry "GER"]
[EventRounds "7"]
[EventType "team-swiss"]
[EventDate "2016.09.30"]

1. e4 g6 2. d4 Bg7 3. c3 d5 4. exd5 Qxd5 5. Nf3 Nc6 6. Be2 e5 7. c4 Qd8 8. d5
Nd4 9. Nc3 Bf5 10. Bd3 Nxf3+ 11. Qxf3 Bxd3 12. Qxd3 f5 13. O-O Nf6 14. Re1 e4
15. f3 O-O 16. fxe4 fxe4 17. Nxe4 Nxe4 18. Rxe4 Qf6 19. Bf4 Qb6+ 20. Be3 Qxb2
21. Bd4 Bxd4+ 22. Qxd4 Qxd4+ 23. Rxd4 Rae8 24. Rd2 Re4 25. Rc1 Rff4 26. Rdc2
Rd4 27. h3 Kf8 28. Rf1 Ke7 29. Rxf4 Rxf4 30. Re2+ Kd6 31. Re6+ Kd7 32. c5 Rc4
33. Rf6 Ke7 34. Re6+ Kf7 35. c6 bxc6 36. Re3 Rc1+ 37. Kh2 cxd5 38. Ra3 d4 39.
Ra4 d3 40. Rd4 Rc3 41. Kg3 Ra3 42. Kf4 c5 43. Rd6 Ke7 44. Ke5 c4 45. Rc6 d2 46.
Rc7+ 0-1

[Event "Deutsche Ländermeisterschaft 2016"]
[Site "Hannover GER"]
[Date "2016.10.03"]
[Round "4"]
[White "Khamenya, Vitalia"]
[Black "Glinzner, Alva"]
[Result "1-0"]
[Termination "normal"]
[Board "1.8"]
[WhiteElo "1636"]
[BlackElo "1513"]
[WhiteClock "00:06:22"]
[BlackClock "00:39:29"]
[WhiteTeam "Bayern"]
[BlackTeam "Schleswig-Holstein"]
[PlyCount "107"]
[WhiteFideId "12959260"]
[BlackFideId "16206169"]
[EventCountry "GER"]
[EventRounds "7"]
[EventType "team-swiss"]
[EventDate "2016.09.30"]

1. e4 c6 2. Nf3 d5 3. exd5 cxd5 4. Ne5 Nf6 5. d4 Nbd7 6. Bd3 g6 7. O-O Bg7 8.
f4 O-O 9. Nd2 Nxe5 10. fxe5 Nd7 11. Nf3 Nb8 12. Ng5 Qb6 13. c3 Bxe5 14. Nxh7
Rd8 15. Ng5 Rf8 16. Kh1 Bf6 17. Qf3 Qd8 18. Qg3 Kg7 19. Bf4 Nc6 20. Nxf7 Rxf7
21. Qxg6+ Kf8 22. Bh6+ Ke8 23. Qg8+ Rf8 24. Qxf8+ Kd7 25. Qxd8+ Nxd8 26. Rae1
Nf7 27. Bf8 Nd6 28. Bh6 Kc6 29. Bf8 Kd7 30. Rf3 Bg5 31. g3 e6 32. h4 Be7 33.
Bxe7 Kxe7 34. h5 Bd7 35. h6 Rh8 36. h7 Nf7 37. Rf4 Be8 38. Kg2 a6 39. Rh1 Nd6
40. Rg4 Bf7 41. Kf3 Ne8 42. Kf4 Kd6 43. Rh6 Ke7 44. Ke5 b5 45. Bg6 Nd6 46. Bd3
Ne8 47. b3 Nd6 48. Rf4 Kd7 49. g4 Ke7 50. g5 Nb7 51. g6 Nd8 52. Rxf7+ Nxf7+ 53.
gxf7 Kxf7 54. Rf6+ 1-0

[Event "Deutsche Ländermeisterschaft 2016"]
[Site "Hannover GER"]
[Date "2016.10.03"]
[Round "4"]
[White "Keller, Peter"]
[Black "Gschnitzer, Adrian"]
[Result "1-0"]
[Termination "normal"]
[Board "2.2"]
[WhiteTitle "FM"]
[WhiteElo "2240"]
[BlackElo "2232"]
[WhiteClock "00:03:31"]
[BlackClock "00:10:56"]
[WhiteTeam "Hessen"]
[BlackTeam "Baden 1"]
[PlyCount "69"]
[WhiteFideId "1272105"]
[BlackFideId "1270337"]
[EventCountry "GER"]
[EventRounds "7"]
[EventType "team-swiss"]
[EventDate "2016.09.30"]

1. e4 c5 2. Nf3 Nc6 3. Bb5 g6 4. Bxc6 bxc6 5. O-O Bg7 6. c3 Nf6 7. e5 Nd5 8. c4
Nc7 9. d4 cxd4 10. Qxd4 Ne6 11. Qh4 O-O 12. Nc3 Ba6 13. b3 f6 14. Ne4 fxe5 15.
Nfg5 Nxg5 16. Bxg5 Qa5 17. Qh3 d5 18. Bd2 Qc7 19. Ng5 h6 20. Ne6 Qd7 21. Nxf8
Qxh3 22. gxh3 Rxf8 23. Rac1 e4 24. Rfe1 Bc8 25. cxd5 cxd5 26. Rc7 Bxh3 27. Rxe7
Rf5 28. Rc1 Rh5 29. Rcc7 Bf8 30. Re8 Rh4 31. f3 exf3 32. Kf2 Re4 33. Rxe4 dxe4
34. Be3 Bd6 35. Rc6 1-0

[Event "Deutsche Ländermeisterschaft 2016"]
[Site "Hannover GER"]
[Date "2016.10.03"]
[Round "4"]
[White "Mütsch, Annmarie"]
[Black "Nothnagel, Marian Can"]
[Result "1/2-1/2"]
[Termination "normal"]
[Board "2.3"]
[WhiteElo "2008"]
[BlackElo "1991"]
[WhiteClock "00:20:23"]
[BlackClock "00:27:27"]
[WhiteTeam "Baden 1"]
[BlackTeam "Hessen"]
[PlyCount "119"]
[WhiteFideId "12971367"]
[BlackFideId "12921530"]
[EventCountry "GER"]
[EventRounds "7"]
[EventType "team-swiss"]
[EventDate "2016.09.30"]

1. e4 c5 2. Nf3 d6 3. d4 cxd4 4. Nxd4 Nf6 5. Nc3 a6 6. f4 Nbd7 7. a4 e6 8. Bc4
d5 9. exd5 Nb6 10. Bb3 Nbxd5 11. Nxd5 Nxd5 12. O-O Bc5 13. c3 O-O 14. Kh1 b6
15. f5 exf5 16. Nc6 Qh4 17. Bxd5 Bd6 18. Bxf7+ Rxf7 19. Qxd6 Bb7 20. Nd4 f4 21.
Bxf4 Raf8 22. Ne6 Qg4 23. Rg1 Rf6 24. Rae1 Re8 25. Qd7 Rfxe6 26. Rxe6 Rxe6 27.
Qxb7 Qxf4 28. Qd5 Qf7 29. Qa8+ Qe8 30. Qxa6 h6 31. Qc4 Kh8 32. h3 Re2 33. b3
Qe3 34. Rf1 Kh7 35. Qc8 Re1 36. Qf5+ Kh8 37. Rxe1 Qxe1+ 38. Kh2 Qxc3 39. Qf3
Qe5+ 40. Qg3 Qc5 41. Qf4 Kh7 42. b4 Qc6 43. a5 bxa5 44. bxa5 Qb5 45. Qc7 h5 46.
h4 Qa4 47. Qe5 g6 48. g3 Qc2+ 49. Kg1 Qd1+ 50. Kf2 Qd2+ 51. Kf3 Qd1+ 52. Kf4
Qd2+ 53. Ke4 Qe1+ 54. Kd4 Qa1+ 55. Ke4 Qe1+ 56. Kf4 Qd2+ 57. Kf3 Qd3+ 58. Kg2
Qd2+ 59. Kh3 Qd7+ 60. Kh2 1/2-1/2

[Event "Deutsche Ländermeisterschaft 2016"]
[Site "Hannover GER"]
[Date "2016.10.03"]
[Round "4"]
[White "Stork, Oliver"]
[Black "Färber, David"]
[Result "0-1"]
[Termination "normal"]
[Board "2.4"]
[WhiteElo "2056"]
[BlackElo "2186"]
[WhiteClock "00:01:57"]
[BlackClock "00:31:45"]
[WhiteTeam "Hessen"]
[BlackTeam "Baden 1"]
[PlyCount "68"]
[WhiteFideId "12955728"]
[BlackFideId "12971294"]
[EventCountry "GER"]
[EventRounds "7"]
[EventType "team-swiss"]
[EventDate "2016.09.30"]

1. c4 e5 2. g3 Nc6 3. Bg2 Bc5 4. Nc3 a6 5. e3 d6 6. Nge2 Ba7 7. O-O h5 8. d4 h4
9. b3 hxg3 10. hxg3 Qg5 11. f4 Qh5 12. Kf2 Nh6 13. Rh1 Qg6 14. Kg1 Bg4 15. Nd5
O-O-O 16. b4 Bxe2 17. Qxe2 Qxg3 18. Qf2 Qxf2+ 19. Kxf2 exf4 20. Bh3+ Kb8 21.
Nxf4 Nxb4 22. Rb1 g5 23. Rxb4 gxf4 24. Bg2 fxe3+ 25. Bxe3 Ng4+ 26. Kg3 Nxe3 27.
Rxb7+ Kc8 28. Rxa7 Rhg8+ 29. Kf2 Nxg2 30. Ra8+ Kd7 31. Rxd8+ Kxd8 32. Rg1 Ke7
33. c5 dxc5 34. dxc5 Kd7 0-1

[Event "Deutsche Ländermeisterschaft 2016"]
[Site "Hannover GER"]
[Date "2016.10.03"]
[Round "4"]
[White "Wiesner, Paula"]
[Black "Krastev, Alexander"]
[Result "0-1"]
[Termination "normal"]
[Board "2.5"]
[WhiteElo "2116"]
[BlackElo "1937"]
[WhiteClock "00:19:00"]
[BlackClock "01:02:31"]
[WhiteTeam "Baden 1"]
[BlackTeam "Hessen"]
[PlyCount "104"]
[WhiteFideId "24654019"]
[BlackFideId "12989983"]
[EventCountry "GER"]
[EventRounds "7"]
[EventType "team-swiss"]
[EventDate "2016.09.30"]

1. d4 Nf6 2. c4 c5 3. Nf3 g6 4. Nc3 Bg7 5. e4 cxd4 6. Nxd4 d6 7. Be2 O-O 8. O-O
Nc6 9. Be3 Bd7 10. f3 a5 11. Qd2 Nxd4 12. Bxd4 Bc6 13. Rfd1 a4 14. b4 axb3 15.
axb3 Nd7 16. Be3 Rxa1 17. Rxa1 Nc5 18. Qc2 Qb6 19. Rb1 Qb4 20. Bd2 Bd4+ 21. Kh1
Qb6 22. b4 Ne6 23. b5 Bd7 24. Nd5 Qd8 25. Qd3 Bg7 26. Qa3 Nd4 27. Ba5 Qe8 28.
Bd3 Be6 29. Nb6 Qb8 30. Rd1 Qa7 31. Rb1 Kh8 32. Rb4 Kg8 33. Ra4 h6 34. Qb4 Kh7
35. Ra3 Bf6 36. Qb1 Bg7 37. f4 f5 38. exf5 Bxf5 39. Bxf5 Nxf5 40. Qe4 h5 41.
Qd3 Bb2 42. Ra2 Bd4 43. Nd7 Rd8 44. Bxd8 Qxa2 45. Qf1 Ne3 46. Qg1 Ng4 47. Qf1
Nf2+ 48. Kg1 Nd3+ 49. Kh1 Qxc4 50. Qb1 Nf2+ 51. Kg1 Nd1+ 52. Kh1 Qf1# 0-1

[Event "Deutsche Ländermeisterschaft 2016"]
[Site "Hannover GER"]
[Date "2016.10.03"]
[Round "4"]
[White "Reinecke, Katharina"]
[Black "Visvikis, Christos"]
[Result "1-0"]
[Termination "normal"]
[Board "2.6"]
[WhiteElo "1816"]
[BlackElo "1908"]
[WhiteClock "00:25:31"]
[BlackClock "00:13:40"]
[WhiteTeam "Hessen"]
[BlackTeam "Baden 1"]
[PlyCount "50"]
[WhiteFideId "12929727"]
[BlackFideId "12967955"]
[EventCountry "GER"]
[EventRounds "7"]
[EventType "team-swiss"]
[EventDate "2016.09.30"]

1. d4 Nf6 2. c4 c5 3. d5 b5 4. cxb5 a6 5. bxa6 g6 6. Nc3 Bxa6 7. e4 Bxf1 8.
Kxf1 d6 9. Nf3 Nbd7 10. g3 Bg7 11. Kg2 O-O 12. a4 Ng4 13. Qc2 Qb6 14. Bd2 c4
15. Rhf1 Nc5 16. h3 Nf6 17. Be3 Nfd7 18. Nb5 Qd8 19. Nfd4 Bxd4 20. Bxd4 Nb3 21.
Ra3 Rb8 22. Rd1 Na5 23. Bc3 Nb3 24. Na7 Qb6 25. Nc6 Ra8 1-0

[Event "Deutsche Ländermeisterschaft 2016"]
[Site "Hannover GER"]
[Date "2016.10.03"]
[Round "4"]
[White "Dobrikov, Marco"]
[Black "Poetsch, Leonore"]
[Result "0-1"]
[Termination "normal"]
[Board "2.7"]
[WhiteElo "1926"]
[BlackElo "1801"]
[WhiteClock "00:47:38"]
[BlackClock "00:29:02"]
[WhiteTeam "Baden 1"]
[BlackTeam "Hessen"]
[PlyCount "66"]
[WhiteFideId "12950378"]
[BlackFideId "12940372"]
[EventCountry "GER"]
[EventRounds "7"]
[EventType "team-swiss"]
[EventDate "2016.09.30"]

1. e4 e6 2. d4 d5 3. Nd2 h6 4. Bd3 c5 5. exd5 Qxd5 6. Ngf3 cxd4 7. Bc4 Qd7 8.
Nb3 Bb4+ 9. Bd2 Bxd2+ 10. Qxd2 Nc6 11. O-O-O Nf6 12. Rhe1 O-O 13. Nbxd4 Nxd4
14. Nxd4 Qc7 15. Bb3 Bd7 16. Kb1 b5 17. h4 a5 18. c3 e5 19. Ne2 Rfd8 20. Qe3
Bf5+ 21. Bc2 Bxc2+ 22. Kxc2 b4 23. f3 Nd5 24. Qf2 bxc3 25. Nxc3 Nb4+ 26. Kb1
Nd3 27. Qe3 Nxe1 28. Rxe1 f6 29. g4 Qc4 30. Kc2 Rac8 31. b3 Qd4 32. h5 Rd7 33.
Kb2 Qd2+ 0-1

[Event "Deutsche Ländermeisterschaft 2016"]
[Site "Hannover GER"]
[Date "2016.10.03"]
[Round "4"]
[White "Bayer, Melissa"]
[Black "Basovskiy, Jana"]
[Result "1-0"]
[Termination "normal"]
[Board "2.8"]
[WhiteElo "1518"]
[BlackElo "1435"]
[WhiteClock "01:08:22"]
[BlackClock "00:44:32"]
[WhiteTeam "Hessen"]
[BlackTeam "Baden 1"]
[PlyCount "34"]
[WhiteFideId "16206916"]
[BlackFideId "16208617"]
[EventCountry "GER"]
[EventRounds "7"]
[EventType "team-swiss"]
[EventDate "2016.09.30"]

1. e4 e5 2. Nf3 Nf6 3. Nxe5 d6 4. Nf3 Nxe4 5. Nc3 Nf6 6. d4 d5 7. Bd3 c6 8. O-O
Be7 9. Bf4 O-O 10. Ne2 Re8 11. Re1 Bd6 12. Bxd6 Qxd6 13. Ng3 Rxe1+ 14. Qxe1
Nbd7 15. Nf5 Qc7 16. Qe7 Qb6 17. Ng5 Qd8 1-0

[Event "Deutsche Ländermeisterschaft 2016"]
[Site "Hannover GER"]
[Date "2016.10.03"]
[Round "4"]
[White "Richter, Leonard"]
[Black "Walter, Kevin"]
[Result "1-0"]
[Termination "normal"]
[Board "3.1"]
[WhiteElo "2282"]
[BlackElo "2194"]
[WhiteClock "00:21:18"]
[BlackClock "00:00:42"]
[WhiteTeam "Sachsen"]
[BlackTeam "Württemberg"]
[PlyCount "57"]
[WhiteFideId "12900290"]
[BlackFideId "12906654"]
[EventCountry "GER"]
[EventRounds "7"]
[EventType "team-swiss"]
[EventDate "2016.09.30"]

1. e4 c5 2. Nf3 e6 3. d4 cxd4 4. Nxd4 a6 5. Bd3 Nf6 6. O-O Qc7 7. c4 Bc5 8. Nb3
Ba7 9. Qe2 d6 10. Be3 Bxe3 11. Qxe3 Nc6 12. Nc3 O-O 13. Rfd1 Rd8 14. Bf1 b6 15.
Rd2 Bd7 16. Rad1 Be8 17. Nd4 Nxd4 18. Rxd4 Rab8 19. Qd2 b5 20. e5 Nd7 21. exd6
Qc6 22. cxb5 axb5 23. Rb4 Nf6 24. Rxb5 Ra8 25. Rg5 Kh8 26. Rg3 Ne4 27. Nxe4
Qxe4 28. Qg5 Qg6 29. Qe7 1-0

[Event "Deutsche Ländermeisterschaft 2016"]
[Site "Hannover GER"]
[Date "2016.10.03"]
[Round "4"]
[White "Peng, Xiang-Tobias"]
[Black "Zienert, Richard"]
[Result "0-1"]
[Termination "normal"]
[Board "3.2"]
[WhiteElo "2109"]
[BlackElo "2182"]
[WhiteClock "00:24:58"]
[BlackClock "00:50:20"]
[WhiteTeam "Württemberg"]
[BlackTeam "Sachsen"]
[PlyCount "90"]
[WhiteFideId "12964328"]
[BlackFideId "12945986"]
[EventCountry "GER"]
[EventRounds "7"]
[EventType "team-swiss"]
[EventDate "2016.09.30"]

1. e4 c5 2. Nf3 Nc6 3. d4 cxd4 4. Nxd4 e6 5. Be3 Qc7 6. Bd3 Nf6 7. O-O a6 8. a4
d5 9. Nd2 e5 10. N4b3 Be7 11. c3 O-O 12. Qc2 dxe4 13. Nxe4 Nxe4 14. Bxe4 f5 15.
Bxc6 Qxc6 16. f4 Bd6 17. Rad1 b6 18. fxe5 Bxe5 19. Nd4 Bxd4 20. Rxd4 Bb7 21.
Rfd1 Qg6 22. Rd6 Qg4 23. R1d4 Be4 24. Qf2 Rae8 25. h3 Qxg2+ 26. Qxg2 Bxg2 27.
Kxg2 Rxe3 28. Rxb6 f4 29. Rd2 Rg3+ 30. Kh2 h5 31. Rf2 g5 32. Rxa6 Kg7 33. a5 g4
34. Rd6 Rxh3+ 35. Kg1 Re3 36. a6 g3 37. Rf1 f3 38. a7 g2 39. Rd7+ Kg8 40. Rxf3
Rexf3 41. Rb7 R3f7 42. Rb5 Rxa7 43. Kxg2 Rg7+ 44. Kh3 Rf3+ 45. Kh4 Rf1 0-1

[Event "Deutsche Ländermeisterschaft 2016"]
[Site "Hannover GER"]
[Date "2016.10.03"]
[Round "4"]
[White "Wong, Gengchun"]
[Black "Degenhard, Simon"]
[Result "1/2-1/2"]
[Termination "normal"]
[Board "3.3"]
[WhiteElo "2069"]
[BlackElo "2042"]
[WhiteClock "00:00:42"]
[BlackClock "00:05:12"]
[WhiteTeam "Sachsen"]
[BlackTeam "Württemberg"]
[PlyCount "79"]
[WhiteFideId "12963283"]
[BlackFideId "12944017"]
[EventCountry "GER"]
[EventRounds "7"]
[EventType "team-swiss"]
[EventDate "2016.09.30"]

1. e4 c5 2. Nf3 e6 3. d4 cxd4 4. Nxd4 a6 5. Nc3 Qc7 6. Bd3 Nf6 7. O-O Bc5 8.
Nb3 Be7 9. f4 d6 10. Qe2 Nbd7 11. Bd2 b5 12. Rae1 Bb7 13. Kh1 Rc8 14. e5 dxe5
15. fxe5 Nd5 16. Nxd5 Bxd5 17. Qg4 g6 18. Qg3 Bf8 19. Qf4 Nb6 20. Qf6 Rg8 21.
Qh4 Rh8 22. Qf6 Rg8 23. Qh4 Rh8 24. Bg5 Be7 25. Nd2 Nc4 26. Bxc4 bxc4 27. Ne4
Bxe4 28. Rxe4 Rb8 29. b3 cxb3 30. cxb3 h6 31. Bxe7 Qxe7 32. Qf4 Rc8 33. Ra4 Rc6
34. Rb4 Kf8 35. Rb8+ Kg7 36. Rxh8 Kxh8 37. Qxh6+ Kg8 38. Qd2 Qc7 39. Qf4 Rc5
40. Re1 1/2-1/2

[Event "Deutsche Ländermeisterschaft 2016"]
[Site "Hannover GER"]
[Date "2016.10.03"]
[Round "4"]
[White "Leser, Katrin"]
[Black "Nguyen, Alex Dac-Vuong"]
[Result "1/2-1/2"]
[Termination "normal"]
[Board "3.4"]
[WhiteElo "2056"]
[BlackElo "2160"]
[WhiteClock "00:08:20"]
[BlackClock "01:07:24"]
[WhiteTeam "Württemberg"]
[BlackTeam "Sachsen"]
[PlyCount "112"]
[WhiteFideId "12997692"]
[BlackFideId "12984388"]
[EventCountry "GER"]
[EventRounds "7"]
[EventType "team-swiss"]
[EventDate "2016.09.30"]

1. e4 e6 2. b3 d5 3. Bb2 dxe4 4. Nc3 Nf6 5. Qe2 Be7 6. O-O-O b6 7. g4 Bb7 8.
Bg2 O-O 9. g5 Nd5 10. Bxe4 Nxc3 11. Bxc3 Bxe4 12. Qxe4 Qd5 13. Qxd5 exd5 14.
Nf3 Nc6 15. Ne5 Nxe5 16. Bxe5 c6 17. h4 f6 18. gxf6 Bxf6 19. f4 d4 20. Rhf1
Bxe5 21. fxe5 Rae8 22. Rxf8+ Kxf8 23. Rf1+ Ke7 24. h5 Rg8 25. Rg1 g6 26. Rg5
Kf7 27. hxg6+ hxg6 28. Kd1 Rh8 29. Ke2 Rh5 30. e6+ Kf6 31. Rg4 Re5+ 32. Kf3 c5
33. Rh4 Rxe6 34. Rh8 Re7 35. a4 g5 36. Rc8 a5 37. Rf8+ Rf7 38. Rb8 Ke5+ 39. Kg3
Rf6 40. Rg8 Kf5 41. Rb8 Re6 42. Rf8+ Kg6 43. Rb8 Kf7 44. Rb7+ Ke8 45. Kf2 d3
46. cxd3 Rd6 47. Ke3 g4 48. d4 cxd4+ 49. Kf4 d3 50. Kg3 Re6 51. Rg7 Re2 52.
Rxg4 Rxd2 53. Rd4 Rd1 54. Kf2 d2 55. Ke2 Rb1 56. Kxd2 Rxb3 1/2-1/2

[Event "Deutsche Ländermeisterschaft 2016"]
[Site "Hannover GER"]
[Date "2016.10.03"]
[Round "4"]
[White "Simon, Tessa"]
[Black "Gaßmann, Linda"]
[Result "1-0"]
[Termination "normal"]
[Board "3.5"]
[WhiteElo "1913"]
[BlackElo "1899"]
[WhiteClock "00:38:08"]
[BlackClock "00:06:11"]
[WhiteTeam "Sachsen"]
[BlackTeam "Württemberg"]
[PlyCount "65"]
[WhiteFideId "12929395"]
[BlackFideId "12900451"]
[EventCountry "GER"]
[EventRounds "7"]
[EventType "team-swiss"]
[EventDate "2016.09.30"]

1. e4 e5 2. Nf3 Nf6 3. Nxe5 d6 4. Nf3 Nxe4 5. Nc3 Nxc3 6. dxc3 Be7 7. Bf4 Nc6
8. Qd2 Be6 9. O-O-O a6 10. Kb1 Qd7 11. Bd3 O-O-O 12. Rhe1 h6 13. Qe2 a5 14. Bb5
Kb8 15. Nd4 Nxd4 16. cxd4 Qc8 17. d5 Bd7 18. Bxd7 Rxd7 19. Qb5 b6 20. Rd3 Bg5
21. Bxg5 hxg5 22. h3 Qd8 23. Rde3 f5 24. Re6 Ka7 25. b4 axb4 26. Qxb4 Rh4 27.
g4 Rxh3 28. Qa4+ Kb7 29. Re8 Rh1 30. Qc6+ Ka7 31. Rxd8 Rxe1+ 32. Kb2 Rxd8 33.
Qxc7+ 1-0

[Event "Deutsche Ländermeisterschaft 2016"]
[Site "Hannover GER"]
[Date "2016.10.03"]
[Round "4"]
[White "Brunner, Jan"]
[Black "Burian, Simon"]
[Result "1-0"]
[Termination "normal"]
[Board "3.6"]
[WhiteElo "1953"]
[BlackElo "1802"]
[WhiteClock "00:23:45"]
[BlackClock "00:42:21"]
[WhiteTeam "Württemberg"]
[BlackTeam "Sachsen"]
[PlyCount "61"]
[WhiteFideId "12981010"]
[BlackFideId "12956902"]
[EventCountry "GER"]
[EventRounds "7"]
[EventType "team-swiss"]
[EventDate "2016.09.30"]

1. d4 Nf6 2. c4 c5 3. Nf3 cxd4 4. Nxd4 e5 5. Nb5 d5 6. cxd5 Bc5 7. e3 O-O 8. a3
a6 9. N5c3 Bf5 10. Be2 Re8 11. b4 Bd6 12. Nd2 b5 13. g4 Bg6 14. g5 Nfd7 15.
Nde4 Nb6 16. h4 Ra7 17. Rg1 Bxe4 18. Nxe4 Nxd5 19. Nxd6 Nc3 20. Qb3 Nxe2 21.
Kxe2 Qxd6 22. Bb2 Qg6 23. Rg4 Rd7 24. Rd1 Qh5 25. Kf3 Kh8 26. Rxd7 Nxd7 27. e4
Nb6 28. Qd3 Nc4 29. Qd7 f5 30. gxf6 Nd2+ 31. Ke2 1-0

[Event "Deutsche Ländermeisterschaft 2016"]
[Site "Hannover GER"]
[Date "2016.10.03"]
[Round "4"]
[White "Bui, Ngoc Han Julia"]
[Black "Kölle, Tobias"]
[Result "1/2-1/2"]
[Termination "normal"]
[Board "3.7"]
[WhiteElo "1768"]
[BlackElo "1822"]
[WhiteClock "00:08:44"]
[BlackClock "01:06:25"]
[WhiteTeam "Sachsen"]
[BlackTeam "Württemberg"]
[PlyCount "96"]
[WhiteFideId "12977055"]
[BlackFideId "16207378"]
[EventCountry "GER"]
[EventRounds "7"]
[EventType "team-swiss"]
[EventDate "2016.09.30"]

1. e4 e5 2. Nf3 Nc6 3. Bb5 a6 4. Ba4 Nf6 5. d3 b5 6. Bb3 Be7 7. a4 b4 8. O-O d6
9. h3 O-O 10. Nbd2 Be6 11. Nc4 Nd7 12. Be3 Kh8 13. c3 f5 14. Ncxe5 Bxb3 15.
Nxc6 Bxd1 16. Nxd8 Bxf3 17. Nc6 Be2 18. Rfe1 Bxd3 19. Nxe7 Bxe4 20. f3 Bb7 21.
Rad1 bxc3 22. bxc3 Ne5 23. Nd5 Bxd5 24. Rxd5 Nc4 25. Rd4 Nxe3 26. Rxe3 Rfe8 27.
Kf2 Kg8 28. Rb4 Rxe3 29. Kxe3 Re8+ 30. Kd3 Re5 31. Rb7 Rc5 32. c4 Kf7 33. Ra7
a5 34. f4 Kf6 35. Kd4 g5 36. fxg5+ Kxg5 37. Ra8 h5 38. g3 f4 39. Rg8+ Kf5 40.
Rf8+ Kg5 41. Rxf4 Re5 42. Rf7 c5+ 43. Kd3 Re1 44. Rd7 Ra1 45. Ke4 Rxa4 46. Kd5
Ra3 47. Rxd6 Rxg3 48. Ra6 Rxh3 1/2-1/2

[Event "Deutsche Ländermeisterschaft 2016"]
[Site "Hannover GER"]
[Date "2016.10.03"]
[Round "4"]
[White "Liu, Sijia Anna"]
[Black "Peglau, Mirjam"]
[Result "0-1"]
[Termination "normal"]
[Board "3.8"]
[WhiteElo "1445"]
[BlackElo "1534"]
[WhiteClock "00:42:42"]
[BlackClock "00:52:39"]
[WhiteTeam "Württemberg"]
[BlackTeam "Sachsen"]
[PlyCount "101"]
[WhiteFideId "12989746"]
[BlackFideId "16211138"]
[EventCountry "GER"]
[EventRounds "7"]
[EventType "team-swiss"]
[EventDate "2016.09.30"]

1. e4 e6 2. d4 d5 3. Nd2 Nf6 4. e5 Nfd7 5. Bd3 c5 6. c3 Nc6 7. Ne2 Qb6 8. Nf3
Be7 9. O-O cxd4 10. cxd4 f6 11. exf6 Nxf6 12. a3 Bd7 13. b4 Rc8 14. Bg5 O-O 15.
Rc1 a6 16. Bb1 Na7 17. Ne5 Bb5 18. Re1 a5 19. Qd2 axb4 20. axb4 Rfe8 21. Nf4
Ne4 22. Bxe4 Bxg5 23. Bd3 Bxd3 24. Nexd3 Qxd4 25. Qe3 Qxe3 26. Rxe3 Rxc1+ 27.
Nxc1 Bxf4 28. Rc3 Rc8 29. Rxc8+ Nxc8 30. Nd3 Bd2 31. Nc5 Kf7 32. Nxb7 Bxb4 33.
Nd8+ Kf6 34. Nc6 Bc3 35. Kf1 d4 36. Ke2 e5 37. f3 Ne7 38. Na7 Nd5 39. g3 Nb4
40. Nb5 d3+ 41. Kd1 Bd4 42. Kd2 Ke6 43. f4 Kd5 44. fxe5 Kxe5 45. Nc3 Bxc3+ 46.
Kxc3 Ke4 47. Kd2 Nc6 48. Kd1 Ke3 49. Ke1 Ne5 50. Kd1 Nc4 51. Ke1 0-1